| 000 | 01254 a2200241 4500 | ||
|---|---|---|---|
| 005 | 20080905115917.0 | ||
| 010 | _aHIN-80010 | ||
| 020 |
_a8185829063 _c100.00 |
||
| 035 | _aHN-52356 | ||
| 037 | _bD.B.Act / pub | ||
| 082 | _a363.7392 | ||
| 100 |
_aमिश्र,शिवगोपाल _945092 |
||
| 245 |
_aवायु प्रदूषण _cशिवगोपाल मिश्र तथा सुनीलदत्त तिवारी |
||
| 246 |
_aVayu Pradushan _bby Sheo Gopal Mishra |
||
| 260 |
_aदिल्ली _bज्ञान गंगा _c2006 |
||
| 270 |
_a205-सी चावड़ी बाजार _bदिल्ली _e110006 |
||
| 300 |
_a112पृ _c22 सेमी (सजिल्द) |
||
| 520 | _aDue to global warming ozon layer damaged,changes in the earth has been highlighted in this book | ||
| 650 |
_aPollution, Air _945093 |
||
| 700 |
_aतिवारी, सुनील दत्त _945094 |
||
| 942 |
_adpl _cHN _k363.7392 / मिश्रशि _2ddc _h363.7392 _m मिश्रशि |
||
| 999 |
_c4531 _d4531 |
||